[Event "LSS SA-2020-0-00744"]
[Site "LSS email"]
[Date "2020.12.18"]
[Round "?"]
[White "Costa, Fabrizio"]
[Black "Billio, Maria"]
[Result "1/2-1/2"]
[WhiteElo "2059"]
[BlackElo "2153"]
[PlyCount "44"]
[EventDate "2020.11.24"]
[EventType "tourn (corr)"]
[EventRounds "6"]
[EventCountry "GER"]
[SourceTitle "Corr 2024"]
[Source "ChessBase"]
[SourceDate "2023.10.19"]
[SourceVersion "1"]
[SourceVersionDate "2023.10.19"]
[SourceQuality "1"]

1. d4 e6 2. c4 d5 3. Nf3 Nf6 4. Nc3 c6 5. e3 Nbd7 6. Bd3 dxc4 7. Bxc4 b5 8. Be2 Bb7 9. 0-0 Be7 10. a3 a5 11. b3 b4 12. axb4 axb4 13. Na4 0-0 14. Bb2 c5 15. Nd2 Nd5 16. Bf3 cxd4 17. Bxd4 Bf6 18. Ne4 Bxd4 19. Qxd4 Qe7 20. Rac1 Rac8 21. Ng3 g6 22. Rc4 Rfd8 1/2-1/2

[Event "RA-2020-0-00667"]
[Site "LSS email"]
[Date "2020.07.31"]
[Round "?"]
[White "Wittal, Werner"]
[Black "Billio, Maria"]
[Result "1/2-1/2"]
[WhiteElo "2001"]
[BlackElo "2164"]
[PlyCount "59"]
[EventDate "2020.06.24"]
[EventType "tourn (corr)"]
[EventRounds "6"]
[EventCountry "GER"]
[SourceTitle "Corr 2022"]
[Source "ChessBase"]
[SourceDate "2021.10.24"]
[SourceVersion "1"]
[SourceVersionDate "2021.10.24"]
[SourceQuality "1"]

1. d4 d5 2. c4 dxc4 3. e3 c5 4. Nf3 a6 5. Bxc4 e6 6. 0-0 Nf6 7. b3 Nbd7 8. a4 cxd4 9. Nxd4 Bb4 10. Qc2 0-0 11. Ba3 Bxa3 12. Nxa3 Qe7 13. Rfd1 Nb8 14. Qd2 e5 15. Ne2 Nc6 16. Qd6 Qxd6 17. Rxd6 Ne4 18. Rdd1 Nc5 19. Rac1 Be6 20. Bxe6 Nxe6 21. Nc4 Rfd8 22. Nd6 Rab8 23. Nc3 Rd7 24. Nce4 Rbd8 25. g4 h5 26. h3 hxg4 27. hxg4 Na5 28. Rd5 Nxb3 29. Rb1 Nbc5 30. Nxc5 1/2-1/2

[Event "SA-2020-0-00718"]
[Site "LSS email"]
[Date "2020.03.20"]
[Round "?"]
[White "Van Bommel, Ton"]
[Black "Billio, Maria"]
[Result "1-0"]
[WhiteElo "2113"]
[BlackElo "2145"]
[PlyCount "87"]
[EventDate "2020.02.06"]
[EventType "tourn (corr)"]
[EventRounds "6"]
[EventCountry "GER"]
[SourceTitle "Corr 2022"]
[Source "ChessBase"]
[SourceDate "2021.10.24"]
[SourceVersion "1"]
[SourceVersionDate "2021.10.24"]
[SourceQuality "1"]

1. d4 d5 2. c4 c6 3. Nf3 Nf6 4. Nc3 dxc4 5. a4 Bf5 6. Ne5 Nbd7 7. Nxc4 Qc7 8. g3 e5 9. dxe5 Nxe5 10. Bf4 Nfd7 11. Bg2 f6 12. 0-0 0-0-0 13. Rc1 Nc5 14. Qe1 a5 15. Nb5 cxb5 16. axb5 b6 17. b4 axb4 18. Qxb4 Be6 19. Ra1 Bxc4 20. Bxe5 Qxe5 21. Qxc4 Bd6 22. Qf7 Rhf8 23. Ra8+ Bb8 24. Qxg7 Qc7 25. Qh6 Qd6 26. Rfa1 f5 27. Rxb8+ Kxb8 28. Qxd6+ Rxd6 29. Ra8+ Kc7 30. Rxf8 Rd1+ 31. Bf1 Ne4 32. Rxf5 Nd2 33. Kg2 Kd6 34. Rf6+ Kc7 35. Rc6+ Kd7 36. Rxb6 Rxf1 37. Rh6 Rb1 38. Rxh7+ Ke6 39. Rb7 Ne4 40. h4 Nf6 41. f3 Nd5 42. Kh3 Ke5 43. Kg4 Rg1 44. b6 1-0

[Event "LSS SA-2020-0-00711"]
[Site "LSS email"]
[Date "2020.01.05"]
[Round "?"]
[White "Billio, Maria"]
[Black "Borisovs, Leonids"]
[Result "1/2-1/2"]
[WhiteElo "2093"]
[BlackElo "2222"]
[PlyCount "104"]
[EventDate "2019.11.27"]
[EventType "tourn (corr)"]
[EventRounds "6"]
[EventCountry "GER"]
[SourceTitle "Corr 2024"]
[Source "ChessBase"]
[SourceDate "2023.10.19"]
[SourceVersion "1"]
[SourceVersionDate "2023.10.19"]
[SourceQuality "1"]

1. d4 Nf6 2. Nf3 g6 3. g3 Bg7 4. Bg2 0-0 5. c4 d6 6. Nc3 Nc6 7. 0-0 Rb8 8. h3 a6 9. e4 e5 10. dxe5 Nxe5 11. Nxe5 dxe5 12. b3 Be6 13. Ba3 Re8 14. Qc2 b5 15. Rfd1 Qc8 16. Nd5 Nxd5 17. cxd5 Bxh3 18. Bb4 Bg4 19. Rd3 Qb7 20. Rc1 Rbc8 21. Qd2 c6 22. d6 Bd7 23. Bc5 f6 24. Kh2 Rf8 25. a4 Rf7 26. b4 Bf8 27. axb5 cxb5 28. Qa2 Re8 29. Ra1 Bc8 30. f4 Qc6 31. f5 Rd8 32. Rad1 Kg7 33. g4 g5 34. Rh3 Rdd7 35. Rc3 Qa8 36. Kg3 Bb7 37. Re3 Bc6 38. Ra3 Bb7 39. Bf3 Qc8 40. Rad3 Qd8 41. Rh1 Qc8 42. Rhd1 Qd8 43. R3d2 Qc8 44. Qa3 Qb8 45. Qb3 Qc8 46. Qe3 Qa8 47. Bb6 Qc8 48. Ba5 Qb8 49. Bc7 Qa8 50. Rc2 Kh8 51. Rh2 Kg7 52. Rc2 Kh8 1/2-1/2

[Event "LSS SA-2020-0-00711"]
[Site "LSS email"]
[Date "2020.01.02"]
[Round "?"]
[White "Koch, Christian"]
[Black "Billio, Maria"]
[Result "1-0"]
[WhiteElo "2301"]
[BlackElo "2093"]
[PlyCount "83"]
[EventDate "2019.11.27"]
[EventType "tourn (corr)"]
[EventRounds "6"]
[EventCountry "GER"]
[SourceTitle "Corr 2024"]
[Source "ChessBase"]
[SourceDate "2023.10.19"]
[SourceVersion "1"]
[SourceVersionDate "2023.10.19"]
[SourceQuality "1"]

1. Nf3 Nf6 2. c4 e6 3. g3 a6 4. Bg2 b5 5. b3 Bb7 6. 0-0 c5 7. Nc3 Qb6 8. e3 Be7 9. d4 d6 10. d5 exd5 11. cxd5 Nbd7 12. e4 0-0 13. Bb2 h5 14. Nd2 Rfe8 15. Kh1 Bf8 16. Qc2 g6 17. h3 Re7 18. Nd1 Bh6 19. f4 Qc7 20. Nf2 Rae8 21. Rad1 Qc8 22. Qc1 Bg7 23. Qa1 Rf8 24. Kh2 Qb8 25. g4 a5 26. Rfe1 Rfe8 27. Kg1 Qa7 28. a4 hxg4 29. hxg4 bxa4 30. bxa4 Ba6 31. g5 Nxd5 32. Bxg7 Nxf4 33. Nf3 Ne2+ 34. Kh1 Qc7 35. Bh6 Ng3+ 36. Kg1 Nh5 37. Qc3 c4 38. Bh3 Bc8 39. Bg4 Ne5 40. Bxh5 gxh5 41. Nxe5 dxe5 42. Qf3 1-0

[Event "RA-2019-0-00653"]
[Site "LSS email"]
[Date "2019.12.22"]
[Round "?"]
[White "Sorcinelli, Andrea"]
[Black "Billio, Maria"]
[Result "1/2-1/2"]
[WhiteElo "2258"]
[BlackElo "2093"]
[PlyCount "55"]
[EventDate "2019.11.25"]
[EventType "tourn (corr)"]
[EventRounds "6"]
[EventCountry "GER"]
[SourceTitle "Corr 2022"]
[Source "ChessBase"]
[SourceDate "2021.10.24"]
[SourceVersion "1"]
[SourceVersionDate "2021.10.24"]
[SourceQuality "1"]

1. e4 e5 2. Nf3 Nf6 3. Nxe5 d6 4. Nf3 Nxe4 5. Nc3 Nf6 6. d4 Be7 7. Bd3 0-0 8. 0-0 Re8 9. Re1 d5 10. h3 Nbd7 11. Bg5 c6 12. Qd2 Nf8 13. Re2 Ne6 14. Bh4 Nh5 15. Bxe7 Rxe7 16. g3 Qd6 17. Kh2 Nf6 18. Rae1 b6 19. a3 Bd7 20. Nd1 Rae8 21. c3 c5 22. Nh4 g6 23. Qh6 Ng7 24. Rxe7 Rxe7 25. Rxe7 Qxe7 26. Qf4 Bc6 27. Nf3 Nfe8 28. Qe3 1/2-1/2

[Event "RA-2019-0-00652"]
[Site "LSS email"]
[Date "2019.12.17"]
[Round "?"]
[White "Billio, Maria"]
[Black "Nowak, Ireneusz"]
[Result "1/2-1/2"]
[WhiteElo "2093"]
[BlackElo "2208"]
[PlyCount "87"]
[EventDate "2019.11.22"]
[EventType "tourn (corr)"]
[EventRounds "6"]
[EventCountry "GER"]
[SourceTitle "Corr 2022"]
[Source "ChessBase"]
[SourceDate "2021.10.24"]
[SourceVersion "1"]
[SourceVersionDate "2021.10.24"]
[SourceQuality "1"]

1. d4 Nf6 2. Nf3 e6 3. g3 d5 4. Bg2 Be7 5. 0-0 0-0 6. c4 dxc4 7. Qc2 a6 8. a4 Bd7 9. Bg5 Bc6 10. Qxc4 Bd5 11. Qc2 Be4 12. Qc1 h6 13. Bxf6 Bxf6 14. Nbd2 Bxf3 15. Bxf3 a5 16. Bxb7 Ra7 17. Bg2 Qxd4 18. Nc4 Qc5 19. Rb1 Rd8 20. b3 Nc6 21. Rd1 Rxd1+ 22. Qxd1 Ne5 23. Nxe5 Qxe5 24. Bc6 Qd6 25. Qc2 Ra6 26. Bb5 Ra8 27. Rc1 Be5 28. Qe4 Rb8 29. Kg2 c5 30. Qc2 Rc8 31. Rd1 Qb6 32. Qe4 Bc7 33. h4 Rd8 34. Rxd8+ Bxd8 35. h5 Qc7 36. f4 Qc8 37. Bd3 Kf8 38. Bb5 Bf6 39. Kh2 Qc7 40. Qa8+ Qd8 41. Qc6 Be7 42. Kh3 Bd6 43. Kg2 Be7 44. Kf3 1/2-1/2

[Event "RA-2019-0-00652"]
[Site "LSS email"]
[Date "2019.12.17"]
[Round "?"]
[White "Billio, Maria"]
[Black "Willmann, Bernd"]
[Result "1/2-1/2"]
[WhiteElo "2093"]
[BlackElo "2296"]
[PlyCount "135"]
[EventDate "2019.11.22"]
[EventType "tourn (corr)"]
[EventRounds "6"]
[EventCountry "GER"]
[SourceTitle "Corr 2022"]
[Source "ChessBase"]
[SourceDate "2021.10.24"]
[SourceVersion "1"]
[SourceVersionDate "2021.10.24"]
[SourceQuality "1"]

1. d4 Nf6 2. Nf3 d5 3. g3 e6 4. Bg2 Be7 5. 0-0 0-0 6. c4 dxc4 7. Qc2 b5 8. a4 b4 9. Nfd2 c6 10. Nxc4 Qxd4 11. Rd1 Qc5 12. Be3 Qh5 13. Nbd2 Nd5 14. Nb3 Nxe3 15. Nxe3 a6 16. Bf3 Qg6 17. Be4 Qh5 18. Nc4 Ra7 19. Rac1 Rc7 20. Nba5 c5 21. b3 f5 22. Bf3 Qh6 23. Nb6 Qf6 24. Qc4 Kh8 25. e3 g5 26. Qe2 g4 27. Ba8 Qg5 28. Rc2 h5 29. Nac4 h4 30. Rcd2 Ra7 31. Nxc8 Rxc8 32. Bg2 Rf8 33. a5 Qh6 34. Ne5 Qf6 35. Nd7 Nxd7 36. Rxd7 Rxd7 37. Rxd7 Rd8 38. Rxd8+ Bxd8 39. Qxa6 c4 40. Qxc4 h3 41. Bf1 Bxa5 42. Qc5 Bd8 43. Qxb4 Kg7 44. Qd2 Be7 45. b4 Qe5 46. Qd7 Kf6 47. b5 Bc5 48. Qh7 Qe4 49. Qh8+ Kf7 50. Qh6 Bb6 51. Qh7+ Kf6 52. Qh8+ Kf7 53. Qc3 Qa8 54. Qd3 Ke7 55. Qc3 Kf7 56. Qd3 Ke7 57. Qe2 Kf7 58. Qb2 Ke7 59. Qg7+ Kd6 60. Qf6 Qe4 61. Qf8+ Kd7 62. Qa3 Qb7 63. Qb2 Qd5 64. Qg7+ Ke8 65. Qc3 Kf7 66. Qc6 Qd8 67. Qb7+ Kg6 68. Qc6 1/2-1/2

[Event "SB-2019-0-00585"]
[Site "LSS email"]
[Date "2019.12.03"]
[Round "?"]
[White "Billio, Maria"]
[Black "Celan, Melissa"]
[Result "1-0"]
[WhiteElo "2041"]
[BlackElo "2065"]
[PlyCount "37"]
[EventDate "2019.09.15"]
[EventType "tourn (corr)"]
[EventRounds "6"]
[EventCountry "GER"]
[SourceTitle "Corr 2022"]
[Source "ChessBase"]
[SourceDate "2021.10.24"]
[SourceVersion "1"]
[SourceVersionDate "2021.10.24"]
[SourceQuality "1"]

1. d4 d5 2. Nf3 Nf6 3. g3 g6 4. Bg2 Bg7 5. 0-0 0-0 6. b3 Bf5 7. Bb2 c6 8. Nbd2 Nbd7 9. a4 Re8 10. h3 h5 11. e3 Qc7 12. c4 e6 13. Qe2 Ne4 14. Nxe4 Bxe4 15. Rac1 Rad8 16. Rfd1 dxc4 17. Qxc4 Bd5 18. Qc2 e5 19. e4 1-0

[Event "SB-2019-0-00585"]
[Site "LSS email"]
[Date "2019.12.03"]
[Round "?"]
[White "Borodin, Sergej"]
[Black "Billio, Maria"]
[Result "1/2-1/2"]
[WhiteElo "1978"]
[BlackElo "2041"]
[PlyCount "52"]
[EventDate "2019.09.15"]
[EventType "tourn (corr)"]
[EventRounds "6"]
[EventCountry "GER"]
[SourceTitle "Corr 2022"]
[Source "ChessBase"]
[SourceDate "2021.10.24"]
[SourceVersion "1"]
[SourceVersionDate "2021.10.24"]
[SourceQuality "1"]

1. e4 c6 2. d4 d5 3. e5 c5 4. dxc5 Nc6 5. Bb5 e6 6. Be3 Nge7 7. c3 Bd7 8. Bxc6 Nxc6 9. Nf3 Qc7 10. 0-0 Nxe5 11. Nxe5 Qxe5 12. Bd4 Qf5 13. f4 Be7 14. Bxg7 Rg8 15. Bd4 Rg4 16. Nd2 Rxf4 17. Qe2 Rxf1+ 18. Rxf1 Qg6 19. Qf3 Bb5 20. Rf2 Bh4 21. g3 Bg5 22. b4 a6 23. Nb3 Bd8 24. Qf4 Bg5 25. Qf3 Bd8 26. Qf4 Bg5 1/2-1/2

[Event "SB-2019-0-00585"]
[Site "LSS email"]
[Date "2019.12.03"]
[Round "?"]
[White "Sternik, Ryszard"]
[Black "Billio, Maria"]
[Result "1/2-1/2"]
[WhiteElo "1986"]
[BlackElo "2041"]
[PlyCount "83"]
[EventDate "2019.09.15"]
[EventType "tourn (corr)"]
[EventRounds "6"]
[EventCountry "GER"]
[SourceTitle "Corr 2022"]
[Source "ChessBase"]
[SourceDate "2021.10.24"]
[SourceVersion "1"]
[SourceVersionDate "2021.10.24"]
[SourceQuality "1"]

1. e4 c6 2. Nc3 d5 3. d4 dxe4 4. Nxe4 Nd7 5. Nf3 Ngf6 6. Nxf6+ Nxf6 7. c3 Bg4 8. h3 Bh5 9. g4 Bg6 10. Ne5 Be4 11. f3 Bd5 12. c4 Be6 13. b3 g6 14. Be3 Bg7 15. Bg2 Nd7 16. f4 Nxe5 17. fxe5 h5 18. Kf2 Qc7 19. Qe2 0-0-0 20. Rad1 Bd7 21. Bf3 f6 22. e6 Bxe6 23. gxh5 gxh5 24. d5 Bf5 25. Qd2 a6 26. b4 Bf8 27. b5 h4 28. bxc6 bxc6 29. Rhg1 e6 30. Qb2 Qh2+ 31. Rg2 Qc7 32. Qb6 Qxb6 33. Bxb6 Bxh3 34. Rh2 Bf5 35. Bxd8 Bc5+ 36. Ke1 Kxd8 37. dxc6+ Kc8 38. Rb2 Rg8 39. Rb7 Rg1+ 40. Ke2 Rxd1 41. Kxd1 h3 42. Ke1 1/2-1/2

[Event "OP-2019-0-04878"]
[Site "LSS email"]
[Date "2019.11.25"]
[Round "?"]
[White "Plastinin, Alexandr"]
[Black "Billio, Maria"]
[Result "0-1"]
[WhiteElo "1045"]
[BlackElo "2078"]
[PlyCount "26"]
[EventDate "2019.11.13"]
[EventType "tourn (corr)"]
[EventRounds "4"]
[EventCountry "GER"]
[SourceTitle "Corr 2022"]
[Source "ChessBase"]
[SourceDate "2021.10.24"]
[SourceVersion "1"]
[SourceVersionDate "2021.10.24"]
[SourceQuality "1"]

1. e4 e5 2. Nf3 Nc6 3. d4 exd4 4. Nxd4 Nf6 5. Nc3 Bb4 6. f3 0-0 7. Bc4 d5 8. exd5 Re8+ 9. Kf2 Bc5 10. Be3 Rxe3 11. Kxe3 Ng4+ 12. fxg4 Qg5+ 13. Ke4 Qe5+ 0-1

[Event "RB-2019-0-00380"]
[Site "LSS email"]
[Date "2019.11.08"]
[Round "?"]
[White "Billio, Maria"]
[Black "Vaassen, Jack M"]
[Result "1/2-1/2"]
[WhiteElo "2041"]
[BlackElo "2105"]
[PlyCount "115"]
[EventDate "2019.09.14"]
[EventType "tourn (corr)"]
[EventRounds "6"]
[EventCountry "GER"]
[SourceTitle "Corr 2022"]
[Source "ChessBase"]
[SourceDate "2021.10.24"]
[SourceVersion "1"]
[SourceVersionDate "2021.10.24"]
[SourceQuality "1"]

1. d4 d5 2. Nf3 Nf6 3. g3 e6 4. Bg2 Be7 5. c4 0-0 6. 0-0 dxc4 7. Qc2 a6 8. a4 Bd7 9. Rd1 Bc6 10. Bg5 Nbd7 11. Nbd2 h6 12. Bxf6 Nxf6 13. Nxc4 Be4 14. Qc3 Nd5 15. Qb3 Nb4 16. Ne1 Bd5 17. Nc2 a5 18. e4 Bxc4 19. Qxc4 c6 20. Rac1 Nxc2 21. Qxc2 Qd6 22. d5 exd5 23. exd5 c5 24. Bf1 b6 25. Bb5 Bf6 26. Rd2 Rfd8 27. Bc6 Ra7 28. Qb3 Rb8 29. Re1 g6 30. Kg2 Kg7 31. h4 Re7 32. Rxe7 Bxe7 33. Re2 Bf6 34. Qf3 h5 35. Qd3 Rd8 36. Qb5 Qc7 37. Qd3 Qd6 38. Qa6 Qc7 39. b3 Bd4 40. Re4 Bc3 41. Re2 Bd4 42. Re4 Bc3 43. Qb7 Qxb7 44. Bxb7 Kf6 45. Kf3 Be5 46. Bc6 Rc8 47. Ke3 Rc7 48. Kd3 Re7 49. Kc4 Bd6 50. Rxe7 Kxe7 51. Kb5 c4 52. bxc4 Bc5 53. f4 Bf2 54. Ka6 Kd6 55. Kb7 Kc5 56. Be8 Bxg3 57. Bxf7 Bxf4 58. Bxg6 1/2-1/2